La estación de las hojas amarillas

Đã lưu trong:
Chi tiết về thư mục
Tác giả chính: Salisachs, Mercedes
Định dạng: Sách
Ngôn ngữ:Undetermined
Được phát hành: Barcelona, España Argos-Vergara 1980
Những chủ đề:
Các nhãn: Thêm thẻ
Không có thẻ, Là người đầu tiên thẻ bản ghi này!

MARC

LEADER 00000nam a2200000Ia 4500
008 170316s9999 xx 000 0 und d
040 |a cru BVZT 
090 |a 862 S-4e 
100 |a Salisachs, Mercedes 
245 |a La estación de las hojas amarillas 
260 |a Barcelona, España 
260 |b Argos-Vergara 
260 |c 1980 
300 |a 381 páginas 
650 |a LITERATURA ESPAÑOLA 
999 |c 10435  |d 10435 
942 |c 15 D  |h 862 S-4e  |2 z